Apuntes y reflexiones Temas de derechos humanos /

Bibliographic Details
Main Author: Castillo, Clara
Format: eBook
Language:Spanish
Published: Ciudad de Mx̌ico: Publicia, 2019
Subjects:
Online Access:Acceso restringido

MARC

LEADER 00000nam a22000007a 4500
005 20190930222321.0
007 cr|||| ||||
008 190930s2019 mx |||||s|||| 00||0 spa d
020 |a 9786202431811 
035 |a 25905 
040 |a vLex 
090 |c 9673  |d 9673 
100 1 |a Castillo, Clara 
245 1 0 |a Apuntes y reflexiones  |h [Recurso electrn̤ico] :  |b Temas de derechos humanos /  |c Clara Castillo 
256 |a Servicio en ln̕ea 
260 |a Ciudad de Mx̌ico:  |b Publicia,  |c 2019 
300 |a 1 recurso electrn̤ico 
500 |a Aunque las actuales democracias han promovido mayores niveles de inclusin̤ y pluralismo, en sus procesos an︢ estǹ pendientes algunos retos, principalmente, en materia de reduccin̤ de la desigualdad polt̕ica, econm̤ica y social, en Latinoamřica. Igualmente, el panorama de los derechos y las demandas de los pueblos indg̕enas contina︢ siendo hoy un gran reto en general, pero especialmente, el caso de las mujeres y las niąs. Consecuentemente, la lucha que han promovido las mujeres indg̕enas para lograr un mayor reconocimiento de sus derechos al interior de sus comunidades aun afronta desafo̕s en materia de desigualdad y discriminacin̤ institucional por su condicin̤ ťnica, socioeconm̤ica y de gňero, al buscar que se reconozcan sus derechos como mujeres, en general, y especialmente las mujeres indg̕enas. 
506 1 |a Disponible solo en los productos indicados  |d vLex Global  |d vLex Global (Academic Edition, excluding Law Schools)  |d vLex Global (U.S. Academic Edition, Law Schools)  |d vLex Global (U.S. Academic Edition, excluding Law Schools)  |d vLex Global (Academic Edition, Law Schools) 
650 0 4 |a Derecho Internacional  |z Mx̌ico 
650 0 4 |a Derecho Penal  |z Mx̌ico 
740 0 |a vLex Libros (Servicio en ln̕ea) 
856 4 0 |u http://vlex.com/source/25905  |z Acceso restringido 
942 |c BOOK 
999 0 |a International Law 
999 0 |a Criminal Law